| 000 | nam a22 a 4500 | ||
|---|---|---|---|
| 999 |
_c142 _d142 |
||
| 003 | AKMAL | ||
| 005 | 20170420154012.0 | ||
| 008 | 170420s1988 my pb g d 000 0 eng d | ||
| 040 | _aAKMAL | ||
| 082 | 0 | 4 | _a492.7 DUS |
| 090 | 0 | 0 |
_a492.7 _bDUS |
| 100 | 0 |
_aDusuki Haji Ahmad, _eauthor. _9358 |
|
| 245 | 1 | 0 |
_aKamus pengetahuan Islam / _coleh Haji Dusuki bin Haji Ahmad |
| 264 | 1 |
_aKuala Lumpur : _bYayasan Dakwah Islamiah Malaysia, _c1976 |
|
| 300 |
_axvi, 425 pages : _billustrations, maps ; _c21 cm |
||
| 650 | 1 | 0 |
_aIslam _vDictionaries _9359 |
| 650 | 2 | 0 |
_aArabic language _vDictionaries _xMalay _9360 |
| 942 |
_2ddc _cBOOK |
||